Welcome to the Holygrace Academy Library

Please use search bar below to get started

KUTTIKALARIYAN INDIAYUDE BHARANAGHADANA (Record no. 8655)

MARC details
000 -LEADER
fixed length control field 00457nam a22001457a 4500
082 ## - DEWEY DECIMAL CLASSIFICATION NUMBER
Classification number 894.812
Item number KOT/K
100 ## - MAIN ENTRY--AUTHOR NAME
Personal name KOTHAMBATH,VIJAYAN
245 ## - TITLE STATEMENT
Title KUTTIKALARIYAN INDIAYUDE BHARANAGHADANA
246 ## - VARYING FORM OF TITLE
Title proper/short title KUTTIKALARIYAN INDIAYUDE BHARANAGHADANA
Remainder of title KUTTIKALARIYAN INDIAYUDE BHARANAGHADANA
260 ## - PUBLICATION, DISTRIBUTION, ETC. (IMPRINT)
Place of publication KOZHIKODE, KERALA, INDIA
Name of publisher MATHRUBHUMI
Year of publication 2023
300 ## - PHYSICAL DESCRIPTION
Number of Pages 128
520 ## - SUMMARY, ETC.
Summary, etc BHARANAGHADANA FOR CHILDREN
650 ## - SUBJECT ADDED ENTRY--TOPICAL TERM
Topical Term MALAYALAM HISTORICAL BOOK
942 ## - ADDED ENTRY ELEMENTS (KOHA)
Koha item type Books
Holdings
Withdrawn status Lost status Collection code Home library Current library Shelving location Date acquired Source of acquisition Cost, normal purchase price Full call number Accession Number Koha item type
    Non-fiction Main Library Main Library NEW SHELF WITH NEW ENTRY 07/03/2024 PURCHASED 200.00 894.812 KOT/K 13576 Books